Analytická metóda environmentálneho manažmentu – Life Cycle Assessment

Požiadavky na použitie analytickej metódy environmentálneho manažérstva ako dobrovoľnej a komplexnej metodiky merania alebo hlásenia správania životného cyklu životného prostredia.

Na minha lista:
Detalhes bibliográficos
Autor principal: Hrušovská, Dana, 1964-
Formato: Capítulo de Livro
Idioma:eslovaco
Assuntos:
Tags: Adicionar Tag
Sem tags, seja o primeiro a adicionar uma tag!

MARC

LEADER 00000naa$a2200000$$$4500
001 0271122
005 20240530065257.3
041 0 |a slo 
044 |a CZ 
245 1 0 |a Analytická metóda environmentálneho manažmentu – Life Cycle Assessment  |c Dana Hrušovská 
520 |a Požiadavky na použitie analytickej metódy environmentálneho manažérstva ako dobrovoľnej a komplexnej metodiky merania alebo hlásenia správania životného cyklu životného prostredia. 
610 2 0 |a výrobky 
610 2 0 |a výrobky ekologické 
610 2 0 |a prostredie životné 
610 2 0 |a manažment environmentálny 
100 1 |a Hrušovská, Dana, 1964-